Almendro: tarjeta PCB para el control de vuelo
保存先:
| 第一著者: | |
|---|---|
| その他の著者: | |
| フォーマット: | 図書 |
| 言語: | Spanish |
| 出版事項: |
[San José], Costa Rica
2016
|
| 主題: | |
| タグ: |
タグ追加
タグなし, このレコードへの初めてのタグを付けませんか!
|
MARC
| LEADER | 00000nam a22000007a 4500 | ||
|---|---|---|---|
| 003 | 012384 | ||
| 005 | 20230918103542.0 | ||
| 008 | 160630b2016 cr a|||| |||| 00| ||spa d | ||
| 040 | |c cru CEDI | ||
| 090 | |a TFG 7542 | ||
| 100 | |9 1509 |a Méndez Rodríguez, Albert Gerardo, 1986- | ||
| 245 | |a Almendro: tarjeta PCB para el control de vuelo | ||
| 260 | |a [San José], Costa Rica |c 2016 | ||
| 300 | |a xii, 70 hojas; ilustraciones | ||
| 500 | |a Proyecto de graduación (bachillerato en ingeniería eléctrica)--Universidad de Costa Rica. Facultad de Ingeniería. Escuela de Ingeniería Eléctrica | ||
| 501 | |a Profesor Guía de IE-0499 Proyecto Eléctrico: Dr. rer. nat. Federico Ruiz Ugalde | ||
| 650 | |x CONTROL REMOTO |x CIRCUITOS IMPRESOS - DISEÑO Y CONSTRUCCION |x VEHICULOS REMOTAMENTE PILOTEADOS |9 5158 | ||
| 700 | |9 1115 |a Ruiz Ugalde, Federico, 1980- |d Director de Proyecto Eléctrico | ||
| 942 | |c CEDI | ||
| 999 | |c 16965 |d 16965 | ||
